100 internationale Städte mit Anfangsbuchstabe C - Statistiken

Allgemein
  • Dieses Quiz wurde 51 mal gespielt
  • Das Durchschnittsergebnis liegt bei 36 aus 100
Antwortstatistiken
Einwohner Hinweis Antwort % Korrekt
2.100.000 Venezolanische Hauptstadt am Avila-Bergmassiv Caracas
95%
3.200.000 Marokkos berühmte Hafenstadt - Filmklassiker von 1942 Casablanca
91%
2.700.000 Die „Windy City“ am Michigansee - Geburtsort der Wolkenkratzer Chicago
88%
250.000 Kulturhauptstadt 2025 - zu DDR-Zeiten Karl-Marx-Stadt Chemnitz
81%
450.000 Planhauptstadt im Australian Capital Territory Canberra
74%
1.400.000 Zweitgrößte Stadt der Ukraine Charkiw
74%
530.000 Hauptstadt und größte Stadt der Republik Moldawien Chișinău
74%
9.700.000 Indisches Zentrum für IT am Golf von Bengalen - ehemals Madras Chennai
67%
1.500.000 Argentinien 1978 - Das Wunder bzw. die Schmach von ... Córdoba
67%
75.000 Treffpunkt der Filmwelt an der Côte d’Azur während der Filmfestspiele Cannes
65%
1.300.000 Olympische Winterspiele 1988 - in der Provinz Alberta Calgary
63%
380.000 Hauptstadt von Wales - walisisch: Caerdydd Cardiff
63%
13.500.000 „Panda-Hauptstadt“ der Welt in der Provinz Sichuan Chengdu
63%
2.200.000 Kolumbianische Hauptstadt des Salsa Cali
60%
65.000 Niedersächsische Residenzstadt - südliches Tor zur Lüneburger Heide Celle
60%
220.000 Zweitgrößte Stadt der Republik Irland am River Lee Cork
60%
870.000 Größte Stadt des US-Bundesstaates North Carolina Charlotte
58%
910.000 Hauptstadt vom US-Bundesstaat Ohio Columbus
58%
70.000 Wichtigster französischer Fährhafen - engste Stelle nach Dover Calais
56%
200.000 Drittgrößte Stadt Belgiens - Geburtsort vieler Comicfiguren Charleroi
56%
340.000 Größte Stadt auf der Südinsel von Neuseeland Christchurch
56%
750.000 Mexikanisches Urlaubsparadies auf der Yucatán-Halbinsel Cancún
53%
370.000 Heimat der Rock and Roll Hall of Fame am Eriesee in Ohio Cleveland
53%
1.700.000 Lebhafte Hauptstadt Guineas auf der Halbinsel Kaloum Conakry
53%
125.000 Englische Elite-Universitätsstadt Cambridge
51%
950.000 Mexikanische Wüstenstadt - Namensgeber für Hunderasse Chihuahua
51%
3.200.000 Bedeutende Hafenstadt in Bangladesch am Golf von Bengalen Chittagong
51%
280.000 Ehemalige Hauptstadt Siebenbürgens - deutsch: Klausenburg Cluj-Napoca
51%
40.000 Ehemalige Residenzstadt in Oberfranken - mittelalterliche Burganlage Coburg
51%
300.000 Sizilianische Barockstadt am Fuße des aktiven Vulkans Ätna Catania
49%
6.900.000 Chinesische Megacity am Jangtsekiang - Hot-Pot-Hauptstadt Chongqing
49%
160.000 Die kalifornische „Circle City“ teilt ihren Namen mit dem Virus Corona
49%
1.800.000 Hauptstadt des brasilianischen Bundesstaates Paraná Curitiba
49%
310.000 US-Stadt am Ohio River - benannt nach römischen Konsul Cincinnati
47%
750.000 Weltweit wichtigster Umschlagplatz für Ceylon-Tee Colombo
47%
95.000 Tor zum Spreewald und Zentrum der sorbischen Kultur Cottbus
47%
50.000 Stadt an der Elbmündung - gehörte bis 1937 zu Hamburg Cuxhaven
47%
150.000 Sardiniens Hauptstadt mit Kalksteinfelsen als historischem Zentrum Cagliari
44%
40.000 Älteste Stadt der Schweiz - Ausgangspunkt des Bernina Express Chur
40%
85.000 Namensgeber des tiefsten Sees Italiens, umgeben von luxuriösen Villen Como
40%
85.000 Spanische Exklave in Nordafrika - an der Straße von Gibraltar Ceuta
37%
320.000 Texanische Küstenstadt - benannt nach dem Fest Fronleichnam Corpus Christi
37%
110.000 Älteste durchgehend bewohnte Stadt Spaniens - Andalusien Cádiz
35%
55.000 Religiöses Zentrum Englands - berühmt für die Kathedrale Canterbury
35%
25.000 Geburtsstadt von Hermann Hesse im nördlichen Schwarzwald Calw
33%
60.000 Hauptstadt von St. Lucia Castries
33%
75.000 Stadt im Ruhrgebiet - Zeche Erin und Europastadt Castrop-Rauxel
33%
150.000 Hafenstadt in South Carolina - Namensgeber eines Tanzes Charleston
33%
480.000 Olympic City USA - am Fuße der Rocky Mountains Colorado Springs
33%
380.000 Britische Industriestadt - Kathedrale und den Ritt der Lady Godiva Coventry
33%
110.000 Normannische Stadt Wilhelms des Eroberers Caen
30%
65.000 Hauptstadt von Wyoming - größtes Rodeo- und Westernfest im Freien Cheyenne
30%
7.000 Hauptort auf gleichnamiger Felseninsel im Golf von Neapel Capri
28%
9.000 Austragungsort der ersten Olympischen Winterspiele 1924 Chamonix-Mont-Blanc
28%
1.400.000 Mexikanische Grenzstadt zu den USA - Industrie und Wüste Ciudad Juárez
28%
35.000 Niedersächsische Kreisstadt - Freilichtmuseum Cloppenburg
28%
65.000 Romantische Kanäle und als Klein-Venedig bekannte Perle des Elsass Colmar
28%
140.000 Hauptstadt und zweitgrößte Stadt von South Carolina Columbia
28%
140.000 Portugals älteste Universitätsstadt - weltberühmte Bibliothek Coimbra
26%
760.000 Wirtschaftliches Herz von Benin Cotonou
26%
110.000 Ehemalige Hauptstadt des Inka-Reiches in den peruanischen Anden Cusco
26%
150.000 Australisches Tor zum Great Barrier Reef im tropischen Norden Cairns
23%
1.000.000 Kolumbianische Kolonialperle an der Karibik Cartagena
23%
6.000 Englisches Dorf - Namensgeber eines weltberühmten Käses Cheddar
23%
450.000 Drittgrößte Stadt Algeriens - benannt nach römischem Kaiser Constantine
23%
5.000 Eleganter italienischer Wintersportort - Olympia 2026 Cortina d’Ampezzo
23%
10.000 Nobler schweizerischer Skiort - Brandtragödie am Neujahr 2026 Crans-Montana
23%
60.000 Hauptstadt Nevadas - benannt nach einem legendären Pfadfinder Carson City
21%
150.000 Stadt im Zentrum Frankreichs - überragt vom Puy de Dôme Clermont-Ferrand
21%
6.000 Ort am Titicacasee - Namensgeber eines Strandes von Rio Copacabana
21%
35.000 Große Kreisstadt an der Jagst im Hohenlohe - bekannt für Horaffen Crailsheim
21%
Unb. Neue Hauptstadt von Äquatorialguinea im dichten Dschungel Ciudad de la Paz
19%
660.000 Drittgrößte Stadt Boliviens - große Christusstatue Cochabamba
19%
45.000 Hauptstadt New Hampshires Concord
19%
260.000 Wichtigster Seehafen Rumäniens - historischem Casino Constanța
19%
240.000 Größte Stadt in der historischen Region Kleine Walachei in Rumänien Craiova
19%
1.200.000 Silicon Valley Brasiliens im Bundesstaat São Paulo Campinas
16%
920.000 Älteste Stadt der Philippinen - Zentrum für den Seehandel Cebu City
16%
130.000 Kulturell wichtigste Stadt im Norden Thailands - Rose des Nordens Chiang Mai
16%
15.000 Niedersächsische Berg- und Universitätsstadt im Harz Clausthal-Zellerfeld
16%
200.000 Stadt in Florida am Golf von Mexiko mit mehr Kanälen als Venedig Cape Coral
14%
95.000 Italienische Stadt in der Emilia-Romagna - Stadt der drei Päpste Cesena
14%
1.000.000 Die erste Planstadt Südkoreas - Kirschblütenfest Changwon
14%
980.000 Japanische Hafenstadt an der Bucht von Tokio - Einschienenbahn Chiba
14%
100.000 Die älteste urkundlich erwähnte Stadt Großbritanniens - Essex Colchester
14%
210.000 Polnische Stadt in Schlesien - Pilgerstätte und Schwarze Madonna Częstochowa
14%
45.000 Südfranzösische Stadt - mittelalterliche Festungsanlage Carcassonne
12%
4.500.000 Stadt im Nordosten Chinas - wichtige Automobil-Stadt Changchun
12%
3.100.000 Moderne Industriestadt zwischen Shanghai und Nanjing Changzhou
12%
320.000 Paraguayische Stadt im Dreiländereck - Itaipú-Staudamm Ciudad del Este
12%
1.000.000 Südindische Stadt mit bedeutender Textilindustrie Coimbatore
12%
140.000 Zweitgrößte Stadt Iowas - City of Five Seasons Cedar Rapids
9%
620.000 Stadt im Fernen Osten Russlands - 30 km von China entfernt Chabarowsk
9%
280.000 High-Tech-Zentrum in Arizona - Straußenei-Festival Chandler
9%
45.000 Stadt in Panama am karibischen Ende des berühmten Kanals Colón
9%
220.000 Hauptstadt der chilenischen Region Bío Bío - Industriezentrum Concepción
7%
900.000 Brasilianisches Tor zum Pantanal Campo Grande
5%
570.000 Hafen- und Universitätsstadt in Nigeria - Karneval im Dezember Calabar
2%
130.000 Türkische Hafenstadt an der Dardanellen-Meerenge Çanakkale
2%
150.000 Ehemalige Hauptstadt von Costa Rica am Fuß des Vulkans Irazú Cartago
2%
Keine übereinstimmenden Quizze gefunden
Verteilung der Resultate
Anzahl Personen mit jedem Resultat
Perzentil nach korrekt beantworteten Fragen
Ihre Resultats-Entwicklung
Sie haben dieses Quiz noch nicht gespielt